Ley contra la explotación sexual de las personas menores de edad
Salvato in:
| Ente Autore: | |
|---|---|
| Natura: | testo |
| Pubblicazione: |
San José:
Inversiones Benzoni Fuentes
|
| Tags: |
Aggiungi Tag
Nessun Tag, puoi essere il primo ad aggiungerne!!
|
MARC
| LEADER | 00000 a a2200000 04500 | ||
|---|---|---|---|
| 001 | 18554 | ||
| 003 | |||
| 040 | |a CRAI/IIS |c CRAI/IIS | ||
| 090 | |a 143500 | ||
| 110 | |a Costa Rica. Asamblea Legislativa | ||
| 245 | |a Ley contra la explotación sexual de las personas menores de edad | ||
| 260 | |a San José: |b Inversiones Benzoni Fuentes | ||
| 300 | |a 25 p. | ||
| 999 | |c 2225 |d 2225 | ||
